1530 1766 1956 1676 1501 1811 1257 1639 1859 1278 1027 1470 1483 1207 1095 1629 1570 1590 1183 1430 1348 1219 1034 1280 1764 1321 1170 1804 1059 1105 1603 1780 1128 1698 1636 1997 1368 1590 1074 1296 1429 1631 1409 1253 1445 1623 1092 1221 1774 1533 1046 1394 1745 1818 1855 1659 1732 1883 1724 1609 1495 1218 1636 1809 1359 1818 1871 1820 1195 1436 1753 1334 1384 1626 1353 1278 1467 1435 1936 1512 1585 1700 1541 1071 1158 1788 1603 1396 1338 1095 1257 1540 1869 1828 1218 1099 1669 1259 1318 BCNSPRNW ULIB Ver.6.0+V

เปลี่ยนเป็นภาษาไทย

Change to English
 แสดงรายละเอียดบรรณานุกรม
  กลับหน้าหลัก

Brief Record : Get Marc (ISO 2709) : E-mail record : QR code < ปิดหน้าต่าง
LEADER : 00000nam 2200000uu 4500
001    13399126749
003     ULIB
008    020711s2019 th a 000 0 eng d
020    ^a9781496381347
060    ^aWM18.2^bM972B
100    ^aMurphy, Michael J.
245    ^aBlueprints: Psychiatry
250    ^a6th ed
260    ^aPhiladelphia :^bWolters Kluwer,^c2019
300    ^a231 pages;^c26 cm
650    ^aMental Disorders^xExam Question
650    ^aPsychotropic Drugs^xOutlines
945    ^p1615^l0^i005415
999    ^aประนอม เกษจรัล
รายการนี้ยังไม่มีแท็ก
คุณยังไม่ได้ล็อกอิน คุณสามารถมีกิจกรรมร่วมกับเว็บไซต์ได้ แต่ต้องล็อกอินก่อน ::
  ล็อกอิน

รายการสื่อสารสนเทศ

ลำดับที่ ประเภท เลขเรียก/บาร์โค้ด สถานที่ สถานะ
1. วิทยาศาสตร์การแพทย์ และสุขภาพ
หนังสือสำรอง
สถานะ=หนังสือสำรอง
WM18.2 M972B ฉ.1 
  Barcode: 005415
ห้องสมุดวิทยาเขตสวรรค์ประชารักษ์
►หนังสือทั่วไป
บนชั้น

BibComment


ยังไม่เคยถูกคอมเมนท์

คอมเมนท์ทรัพยากรรายการนี้
  คอมเมนท์: Blueprints Psych..


 Copyright 2026. Bcnsprnw @Library